After taste / (Record no. 48274)

MARC details
000 -LEADER
fixed length control field 02769cam a2200397 a 4500
005 - DATE AND TIME OF LATEST TRANSACTION
control field 20031230185550.0
010 ## - LCCN (DPL NO)
LC control number ENG-101666 B-425430-433 B-440887-891
020 ## - INTERNATIONAL STANDARD BOOK NUMBER
Terms of availability 399.00
International Standard Book Number 9788184001082
035 ## - SYSTEM CONTROL NUMBER
System control number EN-85199
035 ## - SYSTEM CONTROL NUMBER
System control number B-425430-433
035 ## - SYSTEM CONTROL NUMBER
System control number B-440887-891
037 ## - SOURCE OF ACQUISITION
Source of stock number/acquisition DBAD/PUB
037 ## - SOURCE OF ACQUISITION
Source of stock number/acquisition Researchco Book Centre
037 ## - SOURCE OF ACQUISITION
Source of stock number/acquisition RBC/VEN
082 ## - DEWEY DECIMAL CLASSIFICATION NUMBER
Classification number S
100 1# - MAIN ENTRY--PERSONAL NAME
Personal name Devidayal, Namita
245 10 - TITLE STATEMENT
Title After taste /
Statement of responsibility, etc by Namita Devidayal
260 ## - PUBLICATION, DISTRIBUTION, ETC. (IMPRINT)
Place of publication, distribution, etc Noida
Name of publisher, distributor, etc Random House India
Date of publication, distribution, etc 2010
270 ## - ADDRESS
Address Mind Mill Corporate Tower, 2nd Floor, Plot No 24A Sector 16A,
City Noida
Postal code 201301
300 1# - PHYSICAL DESCRIPTION
Extent 296p.
Dimensions 23cm (Hb)
500 ## - GENERAL NOTE
General note Includes bibliographical references
700 ## - ADDED ENTRY--PERSONAL NAME
9 (RLIN) 22431
942 ## - ADDED ENTRY ELEMENTS (KOHA)
Source of classification or shelving scheme Dewey Decimal Classification
Item type English Books
Call number suffix DEV
Classification part S
Holdings
Withdrawn status Lost status Not for loan Collection code Home library Current library Date acquired Source of acquisition Cost, normal purchase price Full call number Barcode Copy number Cost, replacement price Koha item type
      Non-fiction Central Library Central Library 04/05/2011 RBC/22493/23.3.11/76/4.3.11/25.3.11 399.00 S DEV B-425430 1 399.00 English Books
      Non-fiction Central Library Central Library 03/08/2011 Researchco Book Centre/RBC-25096/2011-12/R/20.4.11/76/4.3.11/9.6.11 399.00 S DEV B-440887 2 399.00 English Books
      Non-fiction Central Library Central Library 03/08/2011 Researchco Book Centre/RBC-25096/2011-12/R/20.4.11/76/4.3.11/9.6.11 399.00 S DEV B-440888 2 399.00 English Books
    Not For Loan Non-fiction D.B.Act.Division D.B.Act.Division 07/10/2010 DBAD/PUB 399.00 S DEV EN-85199 1 399.00 English Books
      Non-fiction Janak Puri Janak Puri 04/05/2011 RBC/22493/23.3.11/76/4.3.11/25.3.11 399.00 S DEV B-425432 1 399.00 English Books
      Non-fiction Karol Bagh Karol Bagh 03/08/2011 Researchco Book Centre/RBC-25096/2011-12/R/20.4.11/76/4.3.11/9.6.11 399.00 S DEV B-440891 1 399.00 English Books
      Non-fiction Patel Nagar Patel Nagar 04/05/2011 RBC/22493/23.3.11/76/4.3.11/25.3.11 399.00 S DEV B-425431 1 399.00 English Books
      Non-fiction Patel Nagar Patel Nagar 03/08/2011 Researchco Book Centre/RBC-25096/2011-12/R/20.4.11/76/4.3.11/9.6.11 399.00 S DEV B-440889 1 399.00 English Books
      Non-fiction Sarojini Nagar Sarojini Nagar 04/05/2011 RBC/22493/23.3.11/76/4.3.11/25.3.11 399.00 S DEV B-425433 1 399.00 English Books
      Non-fiction Sarojini Nagar Sarojini Nagar 03/08/2011 Researchco Book Centre/RBC-25096/2011-12/R/20.4.11/76/4.3.11/9.6.11 399.00 S DEV B-440890 1 399.00 English Books

© Delhi Public Library
Hit Counter
free hit counter